One-Word Countries by First & Last Letter Quiz Stats

Quiz Updated Jan 9, 2017

Challenge
Share
Tweet
Embed
Score 0/165 Timer 07:00
3 Plays Today
One-Word Countries % Correct
???
81.8%
???
81.8%
???
81.8%
???
81.8%
???
81.8%
???
81.8%
???
81.8%
???
81.8%
???
74.7%
???
74.7%
???
74.7%
???
74.7%
???
74.7%
???
74.7%
???
74.5%
???
61.7%
???
58.5%
???
58.5%
???
58.5%
???
52.6%
???
52.6%
???
52.6%
???
52.6%
???
52.6%
???
52.6%
???
52.6%
???
51.9%
???
51.9%
???
51.9%
???
51.7%
???
51.7%
???
51.7%
???
51.7%
???
51%
???
51%
???
50.8%
???
49.3%
???
49.3%
???
49.3%
???
48.2%
???
48.2%
???
48.2%
???
48.2%
???
48.2%
???
48.2%
???
48.2%
???
46.2%
???
46.2%
???
46.2%
???
46.2%
???
46.2%
???
46.2%
???
46%
???
46%
???
46%
One-Word Countries % Correct
???
45.7%
???
45.5%
???
45.5%
???
45.5%
???
45.3%
???
45.3%
???
44.8%
???
44.8%
???
44.8%
???
44.5%
???
44%
???
44%
???
44%
???
44%
???
43.8%
???
43.8%
???
42.6%
???
42.6%
???
42.6%
???
42.1%
???
41.1%
???
41.1%
???
41.1%
???
39.3%
???
38.9%
???
38.9%
???
38.9%
???
38.4%
???
36.8%
???
35.6%
???
35.6%
???
35.6%
???
35.6%
???
35.4%
???
35.4%
???
35.3%
???
34.9%
???
34.9%
???
34.4%
???
34.3%
???
34.3%
???
34%
???
34%
???
34%
???
33.7%
???
33.7%
???
33.4%
???
33.3%
???
32.4%
???
32.3%
???
32.3%
???
32.2%
???
32%
???
31.9%
???
31.9%
One-Word Countries % Correct
???
31.8%
???
31.5%
???
31.4%
???
31.1%
???
30.8%
???
30.6%
???
30.4%
???
30.4%
???
30.3%
???
30%
???
29.5%
???
29.3%
???
28.9%
???
28.9%
???
28.5%
???
28.5%
???
28.4%
???
28.1%
???
28%
???
27.9%
???
27.8%
???
27.5%
???
26.8%
???
26.5%
???
26.4%
???
25.9%
???
25.8%
???
25.2%
???
24.8%
???
24.5%
???
24%
???
23.7%
???
23.7%
???
23.1%
???
22.4%
???
22.1%
???
22%
???
22%
???
22%
???
21.9%
???
21.6%
???
21.5%
???
21.1%
???
20.9%
???
20.4%
Go???
20.3%
???
19.8%
???
19.7%
???
18.8%
???
17.9%
???
17.4%
???
16.5%
???
15.5%
???
6.4%
???
4.8%

You're not logged in!

Compare scores with friends on all Sporcle quizzes.
Sign Up with Email
OR
Log In

You Might Also Like...

Show Comments

Extras

Top Quizzes Today


Score Distribution

Your Account Isn't Verified!

In order to create a playlist on Sporcle, you need to verify the email address you used during registration. Go to your Sporcle Settings to finish the process.